[Event "HUN-GER Match"]
[Site "Budapest HUN"]
[Date "2004.09.19"]
[Round "4"]
[White "Graf,A"]
[Black "Ruck,R"]
[Result "1/2-1/2"]
[WhiteElo "2661"]
[BlackElo "2575"]

1.d4 Nf6 2.c4 g6 3.Nc3 d5 4.cxd5 Nxd5 5.e4 Nxc3 6.bxc3 Bg7 7.Be3 c5 8.Qd2 Qa5
9.Rc1 cxd4 10.cxd4 Qxd2+ 11.Kxd2 O-O 12.Bb5 Rd8 13.Ne2 Nc6 14.Bxc6 bxc6 15.f3 e5
16.Rxc6 exd4 17.Bg5 Re8 18.Nf4 Re5 19.h4 Ra5 20.Ra1 Bb7 21.Rc7 d3 22.Rb1 Ba6
23.Rxa7 Rxa7 24.Rb8+ Bf8 25.Bh6 Rxa2+ 26.Ke3 Bc8 27.Rxc8 Ra8 28.Rxa8 Rxa8
29.Bxf8 Kxf8 30.Kxd3 Ke7 31.Ke3 Kd6 32.Kf2 Ke5 33.Nh3 Ra7 34.Ng5 h6 35.Nh3 Kd4
36.Kg3 Ke3 37.Nf2 Ke2 38.Ng4 h5 39.Nf6 Kf1 40.Nd5 Ra3 41.Nf4 Ra2 42.Kh2 Kf2
43.Nh3+ Kf1 44.Nf4 Rc2 45.Kg3 Kg1 46.Nh3+ Kh1 47.Nf2+ Kg1 48.Nh3+ Kf1 49.Nf4 Rd2
50.Kh2 Kf2 51.Nh3+ Kf1 52.Nf4 Kf2  1/2-1/2

[Event "GM Classic"]
[Site "Gausdal NOR"]
[Date "2004.09.27"]
[Round "5"]
[White "Tallaksen,G"]
[Black "L'Ami,E"]
[Result "1/2-1/2"]
[WhiteElo "2350"]
[BlackElo "2486"]

1.d4 Nf6 2.c4 g6 3.Nc3 d5 4.cxd5 Nxd5 5.e4 Nxc3 6.bxc3 Bg7 7.Nf3 c5 8.Be3 Qa5
9.Qd2 Nc6 10.Rb1 b6 11.Rb5 Qa4 12.Rb3 Ba6 13.Bxa6 Qxa6 14.Qe2 Qxe2+ 15.Kxe2 Na5
16.Rbb1 cxd4 17.cxd4 Kd7 18.Rhc1 Rac8 19.Kd3 e6 20.Bd2 Nc6 21.a4 Rhd8 22.Rc4 h6  1/2-1/2

[Event "Monarch Assurance"]
[Site "Port Erin IOM"]
[Date "2004.10.02"]
[Round "8"]
[White "De Lagontrie,J"]
[Black "Truman,R"]
[Result "1/2-1/2"]
[WhiteElo "1968"]
[BlackElo "2023"]

1.d4 Nf6 2.c4 g6 3.Nc3 d5 4.cxd5 Nxd5 5.e4 Nxc3 6.bxc3 Bg7 7.Bc4 O-O 8.Ne2 c5
9.O-O cxd4 10.cxd4 Nc6 11.Be3 Bg4 12.f3 Na5 13.Bd3 Be6 14.d5 Bxa1 15.Qxa1 f6
16.Rb1 b6 17.Bh6 Re8 18.Nf4 Bf7 19.Bb5 Qd6 20.Bxe8 Rxe8 21.Rc1 Rd8 22.Qc3 Nb7
23.Nd3 Be8 24.Qc7 Nc5 25.Qxd6 exd6 26.Nf2  1/2-1/2

[Event "TCh-Vojvodina"]
[Site "Sombor SCG"]
[Date "2004.10.02"]
[Round "10"]
[White "Vukic,R"]
[Black "Stojanovic,Da"]
[Result "0-1"]
[WhiteElo "2300"]
[BlackElo "2441"]

1.d4 Nf6 2.c4 g6 3.Nc3 d5 4.cxd5 Nxd5 5.e4 Nxc3 6.bxc3 Bg7 7.Nf3 c5 8.Bb5+ Bd7
9.Rb1 O-O 10.O-O Qc7 11.Ne5 cxd4 12.cxd4 Bxb5 13.Rxb5 Nd7 14.Qb3 b6 15.Ba3 Nxe5
16.Rc1 Qb7 17.dxe5 Qxe4 18.Qc3 Qe2 19.Rd5 Rad8 20.Re1 Qxa2 21.Rxd8 Rxd8 22.Bxe7 Qd2
23.Qxd2 Rxd2 24.Kf1 Rd7 25.Bh4 h6 26.f4 Rd4 27.g3 Bf8 28.Bf6 Rd2 29.h4 Bc5
30.Re4 h5 31.Bg5 Rd7 32.e6 fxe6 33.Rxe6 Kg7 34.Ke2 a5 35.Rc6 a4 36.Bf6+ Kf7
37.Be5 a3 38.Rf6+ Ke8 39.Rxg6 a2 40.Rg8+ Bf8 41.Ba1 Rc7 42.Kd1 Kf7 43.Rg5 Rc4
44.Rf5+ Kg8 45.Rg5+ Kf7 46.Rf5+ Kg8 47.Rg5+ Kf7 48.Rf5+ Kg8 49.Rg5+ Kf7 50.Rxh5 Ba3
51.Rh7+ Kg6 52.Rg7+ Kh6 53.Be5 Rc1+ 54.Ke2 Rc5 55.Ba1 Rc1 56.Bd4 Bc5 57.Be5 a1=Q
58.Bxa1 Rxa1 59.Rc7 Ra3 60.g4 Re3+ 61.Kd2 Rg3 62.g5+ Kg6 63.Rc6+ Kf5 64.Rf6+ Kg4
65.f5 Kxh4 66.g6 Kh5 67.Rf7 Kh6 68.Rh7+ Kg5 69.Rf7 Ra3 70.g7 Ra8 71.Kd3 Rg8
72.Ke4 Kh6 73.f6 Kg6  0-1

[Event "TCh-Vojvodina"]
[Site "Sombor SCG"]
[Date "2004.10.02"]
[Round "10"]
[White "Jovic,Ste"]
[Black "Tesic,D"]
[Result "0-1"]
[WhiteElo "2080"]
[BlackElo "2375"]

1.d4 Nf6 2.c4 g6 3.Nc3 d5 4.cxd5 Nxd5 5.e4 Nxc3 6.bxc3 Bg7 7.Bc4 c5 8.Ne2 Nc6
9.Be3 O-O 10.O-O Bd7 11.Qd2 Qa5 12.Bh6 cxd4 13.Bxg7 Kxg7 14.Nxd4 Rfd8 15.Qf4 e6
16.Nb5 Be8 17.Rab1 e5 18.Qc1 a6 19.Na3 b5 20.Bd5 Rac8 21.Qb2 Ne7 22.c4 Nxd5
23.cxd5 Qc3 24.Rfd1 Rc5 25.Kf1 Rdc8 26.Ke2 f5 27.f3 Kf6 28.Qxc3 Rxc3 29.Rd3 R3c5
30.Rb2 a5 31.Nb1 b4 32.Rdd2 Bb5+ 33.Kf2 Rc1 34.d6 Rf1+ 35.Kg3 Bd7 36.Rd5 f4+
37.Kh4 Rcc1 38.Nd2 Rh1 39.h3 g5+ 40.Kh5 Bxh3  0-1

[Event "Monarch Assurance"]
[Site "Port Erin IOM"]
[Date "2004.10.03"]
[Round "9"]
[White "Gordon,S"]
[Black "Holzke,F"]
[Result "1/2-1/2"]
[WhiteElo "2338"]
[BlackElo "2492"]

1.d4 Nf6 2.c4 g6 3.Nc3 d5 4.cxd5 Nxd5 5.e4 Nxc3 6.bxc3 Bg7 7.Bc4 c5 8.Ne2 Nc6
9.Be3 O-O 10.O-O Bg4 11.f3 Na5 12.Bd3 cxd4 13.cxd4 Be6 14.d5 Bxa1 15.Qxa1 f6
16.Bh6 Re8 17.Kh1 Rc8 18.Nf4 Bd7 19.e5 Nc4 20.e6 Bb5 21.Qe1 Nd6 22.Bb1 Qc7
23.Nxg6 Bxf1 24.Qg3 Nf5 25.Nxe7+ Kh8 26.Qxc7 Rxc7 27.Nxf5 Bc4 28.Be4 Bxa2
29.g4 Rxe6 30.dxe6 Bxe6 31.Be3 a5 32.Bd4 a4 33.Bxf6+ Kg8 34.Nd6 a3 35.Nxb7 a2
36.Kg2 Rc1 37.Nd6 a1=Q 38.Bxa1 Rxa1 39.Kg3 Rg1+ 40.Kf4 Rh1 41.Kg3 Rg1+ 42.Kf4 Rh1
43.Kg3  1/2-1/2

[Event "Tch-FIN 2004-5"]
[Site "Finland FIN"]
[Date "2004.10.09"]
[Round "3"]
[White "Kanko,I"]
[Black "Salokangas,H"]
[Result "1-0"]
[WhiteElo "2268"]
[BlackElo "2191"]

1.d4 Nf6 2.c4 g6 3.Nc3 d5 4.cxd5 Nxd5 5.e4 Nxc3 6.bxc3 Bg7 7.Bc4 c5 8.Ne2 O-O
9.O-O Nc6 10.Be3 Bg4 11.f3 Na5 12.Bd3 cxd4 13.cxd4 Be6 14.d5 Bxa1 15.Qxa1 f6
16.Bh6 Re8 17.Kh1 Rc8 18.Nf4 Bd7 19.e5 Nc4 20.e6 Ba4 21.Nxg6 hxg6 22.Bxg6 Ne5
23.Be4 Qa5 24.Qd4 Rc2 25.Bd3 Qc3 26.Qxa4 Qxd3 27.Qxe8+ Kh7 28.Qxe7+ Kxh6
29.Qxf6+ Ng6 30.Rg1 Qxd5 31.e7 Rc8 32.f4 Kh5 33.Re1 Rc2 34.Qxg6+ Kxg6 35.e8=Q+ Qf7
36.f5+ Kg7 37.Qe5+ Qf6 38.Qg3+ Kh7 39.Qh3+ Kg7 40.Qg3+ Kh7 41.Qb3 Rb2 42.Qd5 a6
43.h3 Qg7 44.Rf1 Rb6 45.Qf3 Qf6 46.Qh5+ Kg7 47.Rd1 Rb5 48.Qg4+ Kf8 49.Rf1 Kf7
50.a4 Rb2 51.Re1 Rb6 52.h4 a5 53.Qc4+ Kg7 54.Qc7+ Kf8 55.Qc8+ Kg7 56.Qd7+ Kh6
57.Re6  1-0

[Event "FSGM October"]
[Site "Budapest HUN"]
[Date "2004.10.12"]
[Round "11"]
[White "Erdos,V"]
[Black "Szeberenyi,A"]
[Result "1/2-1/2"]
[WhiteElo "2454"]
[BlackElo "2422"]

1.d4 Nf6 2.c4 g6 3.Nc3 d5 4.cxd5 Nxd5 5.e4 Nxc3 6.bxc3 Bg7 7.Bc4 O-O 8.Ne2 c5
9.O-O Nc6 10.Be3 Qc7 11.Rc1 Na5 12.Bd3 b6 13.f4 e6 14.f5 exf5 15.exf5 Qe7
16.Rf3 Bb7 17.Rg3 Rfe8 18.Bg5 Qd6 19.Qf1 Be4 20.Rd1  1/2-1/2

[Event "Essent Open"]
[Site "Hoogeveen NED"]
[Date "2004.10.15"]
[Round "1"]
[White "Khenkin,I"]
[Black "Van Kooten,L"]
[Result "1-0"]
[WhiteElo "2587"]
[BlackElo "2272"]

1.d4 Nf6 2.c4 g6 3.Nc3 d5 4.cxd5 Nxd5 5.e4 Nxc3 6.bxc3 Bg7 7.Be3 c5 8.Qd2 Qa5
9.Nf3 O-O 10.Rc1 Rd8 11.d5 e6 12.Be2 b6 13.O-O Bb7 14.c4 Qxd2 15.Nxd2 Na6
16.Nb1 Nc7 17.Rfd1 e5 18.Nc3 Ne8 19.a4 Ba6 20.a5 Nd6 21.Na4 Rab8 22.f3 Bf8
23.Bg5 Re8 24.Rc2 Be7 25.Bxe7 Rxe7 26.Ra1 Bc8 27.axb6 axb6 28.Rb1 Reb7 29.Rcb2 Bd7
30.Nxb6 Be8 31.Kf2 Kf8 32.Ke3 Bb5 33.cxb5 Rxb6 34.Rc2 c4 35.Bxc4 Nxc4+ 36.Rxc4 Rxb5
37.Rc8+ Rxc8 38.Rxb5 Rc2 39.d6 f6 40.Rb8+  1-0

[Event "36th Olympiad"]
[Site "Calvia ESP"]
[Date "2004.10.17"]
[Round "3"]
[White "Stocek,J"]
[Black "Eljanov,P"]
[Result "0-1"]
[WhiteElo "2569"]
[BlackElo "2629"]

1.d4 Nf6 2.c4 g6 3.Nc3 d5 4.cxd5 Nxd5 5.e4 Nxc3 6.bxc3 Bg7 7.Bc4 c5 8.Ne2 O-O
9.O-O Nc6 10.Be3 cxd4 11.cxd4 Na5 12.Bd3 b6 13.Rc1 e6 14.Qd2 Bb7 15.h4 Nc6
16.Bb1 Qxh4 17.Bg5 Qh5 18.e5 h6 19.Be3 Rfd8 20.Nf4 Qh4 21.Be4 Rac8 22.g3 Qe7
23.Qb2 Na5 24.Bxb7 Qxb7 25.Qe2 Nc6 26.Rc4 Ne7 27.Rxc8 Rxc8 28.Rd1 Qd7 29.Qf3 Rd8
30.Rc1 Nf5 31.d5 exd5 32.e6 fxe6 33.Nxg6 Qf7 34.Nf4 Nxe3 35.Qxe3 e5 36.Nd3 Re8
37.Rc6 e4 38.Nf4 d4 39.Qe2 e3 40.Qc2 Rf8 41.Rc7 e2 42.Nxe2 Qxf2+ 43.Kh1 Qe1+
44.Ng1 Qxg3 45.Rxa7 Qh4+ 46.Kg2 d3 47.Qb3+ Kh8 48.Qxb6 Qe4+ 49.Kh2 Be5+  0-1

[Event "36th Olympiad w"]
[Site "Calvia ESP"]
[Date "2004.10.18"]
[Round "4"]
[White "Sargac,R"]
[Black "Ivoskaite,D"]
[Result "1/2-1/2"]
[WhiteElo "2241"]
[BlackElo "2043"]

1.d4 Nf6 2.c4 g6 3.Nc3 d5 4.cxd5 Nxd5 5.e4 Nxc3 6.bxc3 Bg7 7.Nf3 c5 8.Be2 Nc6
9.d5 Bxc3+ 10.Bd2 Bxa1 11.Qxa1 Nd4 12.Nxd4 cxd4 13.Qxd4 O-O 14.Bc3 f6 15.h4 Qb6
16.Qd3 Bd7 17.O-O Rac8 18.Bd4 Bb5 19.Qe3 Qa6 20.Bxb5 Qxb5 21.Qh3 Qa6 22.h5 g5
23.e5 Rc4 24.Qe3 Rc7 25.d6 exd6 26.exf6 Qb5 27.Qe6+ Rcf7 28.Qxd6 Qf5 29.Re1 Rd7
30.f7+ Qxf7 31.Qe5 Rxd4 32.Qxd4 b6 33.Re5 Qxh5 34.f4 h6 35.fxg5 Rc8 36.Qe3 Qd1+
37.Kh2 Qd6 38.Kh3 Qd7+ 39.g4 Rc4 40.Re8+ Kf7 41.g6+ Kxg6 42.Qe2 Rc3+ 43.Kh4 Kf7
44.Re5 Qd8+ 45.g5 hxg5+ 46.Kg4 Qd4+ 47.Kxg5 Rg3+ 48.Kf5 Qd7+ 49.Kf4 Rg6 50.Rf5+ Kg7
51.Qe5+ Kg8 52.Qb8+ Kh7 53.Qf8 Qd4+ 54.Kf3 Qd3+ 55.Kf4 Qd2+ 56.Ke5 Qe3+ 57.Kd5 Qe6+
58.Kd4 Rg4+ 59.Rf4 Qd7+ 60.Ke3 Rxf4 61.Qxf4 Kg7 62.Qd4+ Qxd4+ 63.Kxd4 Kf7
64.Kd5  1/2-1/2

[Event "36th Olympiad w"]
[Site "Calvia ESP"]
[Date "2004.10.18"]
[Round "4"]
[White "Schuurman,P"]
[Black "Harika,D"]
[Result "1/2-1/2"]
[WhiteElo "2333"]
[BlackElo "2391"]

1.d4 Nf6 2.c4 g6 3.Nc3 d5 4.cxd5 Nxd5 5.e4 Nxc3 6.bxc3 Bg7 7.Bc4 O-O 8.Be3 c5
9.Ne2 Nc6 10.O-O Bd7 11.Rb1 a6 12.dxc5 Qc7 13.Nd4 Rac8 14.Nxc6 Bxc6 15.Bd5 Bxc3
16.Bxc6 bxc6 17.Qd3 Be5 18.f4 Rcd8 19.Qc4 Bg7 20.Qxa6 Bd4 21.Bxd4  1/2-1/2

[Event "36th Olympiad"]
[Site "Calvia ESP"]
[Date "2004.10.18"]
[Round "4"]
[White "Brittner,S"]
[Black "Valdes,Le"]
[Result "1-0"]
[WhiteElo "2291"]
[BlackElo "2372"]

1.d4 Nf6 2.c4 g6 3.Nc3 d5 4.cxd5 Nxd5 5.e4 Nxc3 6.bxc3 Bg7 7.Be3 c5 8.Qd2 Qa5
9.Nf3 Nc6 10.Rb1 a6 11.Rc1 cxd4 12.cxd4 Qxd2+ 13.Kxd2 f5 14.e5 Be6 15.Bc4 Bxc4
16.Rxc4 O-O 17.Ke2 Rfd8 18.Rd1 h6 19.e6 Rd5 20.Rc5 Rad8 21.Rxd5 Rxd5 22.Rb1 b5
23.Rc1 Nd8 24.Rc8 Bf8 25.Rc5 Rxc5 26.dxc5 Bg7 27.Kd3 Nc6 28.Bd4 Bxd4 29.Nxd4 Nb4+
30.Kc3 Nd5+ 31.Kb3 Kg7 32.a4 Kf6 33.axb5 axb5 34.c6 Ke5 35.Nxb5 Kxe6 36.Kc4 Nb6+
37.Kc5 Nc8 38.f4 Kf6 39.c7 e5 40.Nd6 Ne7 41.c8=Q Nxc8 42.Nxc8 Ke6 43.Nd6 exf4
44.Nc4 g5 45.Kd4 h5 46.Ne5 Kf6 47.h4 g4 48.Nd3 f3 49.gxf3 f4 50.Ke4 gxf3
51.Kxf3 Kf5 52.Nxf4  1-0

[Event "36th Olympiad"]
[Site "Calvia ESP"]
[Date "2004.10.19"]
[Round "5"]
[White "Arlandi,E"]
[Black "Pont Mulet,A"]
[Result "1-0"]
[WhiteElo "2440"]
[BlackElo "2265"]

1.d4 Nf6 2.c4 g6 3.Nc3 d5 4.cxd5 Nxd5 5.e4 Nxc3 6.bxc3 Bg7 7.Bc4 c5 8.Ne2 O-O
9.O-O Nc6 10.Be3 Bg4 11.f3 Na5 12.Bxf7+ Rxf7 13.fxg4 Rxf1+ 14.Kxf1 cxd4 15.cxd4 e5
16.Kg1 Qd7 17.dxe5 Qxd1+ 18.Rxd1 Nc4 19.Bf2 Nxe5 20.h3 a6 21.Nf4 Re8 22.Nd5 Nc4
23.Rb1 Nd6 24.Bh4 Rxe4 25.Nf6+ Bxf6 26.Bxf6 Kf7 27.g5 b5 28.Rf1 Re2 29.a3 Ke6
30.Bg7 Ne4 31.Rc1 Kf5 32.Rc6 Kxg5 33.Rxa6 h5 34.h4+ Kf5 35.Rb6 Re1+ 36.Kh2 Rb1
37.a4 b4 38.a5 b3 39.a6  1-0

[Event "Essent Open"]
[Site "Hoogeveen NED"]
[Date "2004.10.20"]
[Round "6"]
[White "Porat,Dav"]
[Black "Delemarre,J"]
[Result "1-0"]
[WhiteElo "2280"]
[BlackElo "2449"]

1.d4 Nf6 2.c4 g6 3.Nc3 d5 4.cxd5 Nxd5 5.e4 Nxc3 6.bxc3 Bg7 7.Nf3 c5 8.Rb1 O-O
9.Be2 b6 10.O-O Bb7 11.Qd3 Ba6 12.Qe3 Qd7 13.d5 Qa4 14.Rb3 Qxa2 15.c4 Qa4
16.Ra3 Qd7 17.e5 e6 18.Ng5 Bb7 19.dxe6 fxe6 20.Bg4 Rf5 21.Bxf5 exf5 22.Rd3 Qe8
23.Rfd1 Nc6 24.Rd7 Rb8 25.Nxh7 Qxe5 26.Ng5 Nd4 27.Qh3 Qf6 28.Qh7+ Kf8 29.Rxg7  1-0

[Event "36th Olympiad w"]
[Site "Calvia ESP"]
[Date "2004.10.22"]
[Round "7"]
[White "Rojas,Je"]
[Black "Cruz,Ev"]
[Result "0-1"]
[WhiteElo "2082"]
[BlackElo "2036"]

1.d4 Nf6 2.c4 g6 3.Nc3 d5 4.cxd5 Nxd5 5.e4 Nxc3 6.bxc3 Bg7 7.Bc4 O-O 8.Ne2 c5
9.Rb1 Nc6 10.Be3 cxd4 11.cxd4 Na5 12.Bb3 b6 13.Bd5 Bb7 14.Bxb7 Nxb7 15.O-O Nd6
16.f3 Nc4 17.Bf2 Rc8 18.Qd3 Bh6 19.f4 Qd7 20.Rfd1 Rc7 21.d5 e5 22.dxe6 Qxe6
23.g3 Bg7 24.Kg2 Nb2 25.Rxb2 Bxb2 26.a4 Qc4 27.a5 Qxd3 28.Rxd3 Rc2 29.Kf3 bxa5
30.Bxa7 a4 31.Bd4 Rd8 32.Ke3 Rxe2+ 33.Kxe2 Rxd4 34.Rxd4 Bxd4 35.Kd3 a3  0-1

[Event "36th Olympiad"]
[Site "Calvia ESP"]
[Date "2004.10.25"]
[Round "10"]
[White "Papa,S"]
[Black "Roiz,M"]
[Result "1/2-1/2"]
[WhiteElo "2411"]
[BlackElo "2560"]

1.d4 Nf6 2.c4 g6 3.Nc3 d5 4.cxd5 Nxd5 5.e4 Nxc3 6.bxc3 Bg7 7.Nf3 c5 8.Rb1 O-O
9.Be2 b6 10.O-O Bb7 11.Qd3 Ba6 12.Qc2 e6 13.Bxa6 Nxa6 14.Qa4 Qc8 15.Bf4 cxd4
16.cxd4 Qb7 17.Bg3 Rac8 18.Ne5 Nb8 19.Rfd1 Rfd8 20.Bh4 Rf8  1/2-1/2

[Event "36th Olympiad w"]
[Site "Calvia ESP"]
[Date "2004.10.25"]
[Round "10"]
[White "Alexandrova,O"]
[Black "Ivoskaite,D"]
[Result "0-1"]
[WhiteElo "2442"]
[BlackElo "2043"]

1.d4 Nf6 2.c4 g6 3.Nc3 d5 4.cxd5 Nxd5 5.e4 Nxc3 6.bxc3 Bg7 7.Bc4 c5 8.Ne2 Nc6
9.Be3 O-O 10.O-O Qc7 11.Rc1 Rd8 12.Bf4 Qd7 13.d5 Na5 14.Bd3 e5 15.Bg3 c4
16.Bc2 b6 17.f4 f6 18.f5 gxf5 19.Rxf5 Qf7 20.Rf1 Qg6 21.Kh1 Nb7 22.Ng1 Nd6
23.Qe2 Kh8 24.Nf3 Bg4 25.Qe1 Rg8 26.Nh4 Qh5 27.Qf2 Raf8 28.Rce1 Bh6 29.Nf5 Bxf5
30.exf5 Re8 31.a4 Qf7 32.Qf3 Rg7 33.Re2 Reg8 34.Be1 Rg4 35.g3 Bf8 36.h3 R4g5
37.g4 h5 38.Bd2 R5g7 39.g5 e4 40.Bxe4 Nxe4 41.g6 Ng3+ 42.Qxg3 Qxd5+ 43.Rg2 Qd3
44.Rf3 Qb1+ 45.Rg1 Qe4 46.Bh6 Rxg6 47.fxg6 Bxh6 48.h4 Re8 49.Rg2 Kg7 50.Kh2 Re7
51.Rgf2 Re6 52.Rf5 Be3 53.R2f3 Bc5 54.Kh3 Qb1 55.Rf1 Qc2 56.a5 Qe2 57.Rd5 Be7
58.Rf2 Qe1 59.Kg2 Re4 60.Qf3 Rxh4 61.Rf1 Qe6 62.Rd4 Rg4+ 63.Rxg4 hxg4 64.Qf5 Qc6+
65.Kg3 Bd6+ 66.Kh4 Be7 67.Re1 Bc5 68.Rd1 Be7 69.Rd5 Qc7 70.Rd2 Qc6 71.Rd1 Qg2
72.Qf4 f5+ 73.Kh5 Qh3+  0-1

[Event "36th Olympiad w"]
[Site "Calvia ESP"]
[Date "2004.10.25"]
[Round "10"]
[White "Garcia Vicente,N"]
[Black "Lujan,C"]
[Result "1/2-1/2"]
[WhiteElo "2213"]
[BlackElo "2325"]

1.d4 Nf6 2.c4 g6 3.Nc3 d5 4.cxd5 Nxd5 5.e4 Nxc3 6.bxc3 Bg7 7.Nf3 c5 8.Be3 Qa5
9.Qd2 Nc6 10.Rc1 Bg4 11.d5 Rd8 12.Qb2 Bxf3 13.gxf3 Nd4 14.Bxd4 cxd4 15.Qb5+ Qxb5
16.Bxb5+ Kf8 17.cxd4 Bxd4 18.Rc7 a6 19.Bd7 Rb8 20.f4 Bb6 21.Rc2 Kg7 22.Ke2 Rhd8
23.Bh3 f5 24.Rb1 Ba5  1/2-1/2

[Event "36th Olympiad w"]
[Site "Calvia ESP"]
[Date "2004.10.26"]
[Round "11"]
[White "Rojas,Je"]
[Black "Justo,V"]
[Result "0-1"]
[WhiteElo "2082"]
[BlackElo "2285"]

1.d4 Nf6 2.c4 g6 3.Nc3 d5 4.cxd5 Nxd5 5.e4 Nxc3 6.bxc3 Bg7 7.Bc4 O-O 8.Ne2 c5
9.Rb1 Nc6 10.Be3 Na5 11.Bb3 Nxb3 12.Qxb3 cxd4 13.cxd4 b6 14.O-O Ba6 15.Rfe1 Qd7
16.d5 Bxe2 17.Rxe2 Rac8 18.Rc1 Rxc1+ 19.Bxc1 Rc8 20.Bb2 Qc7 21.g3 Bxb2 22.Qxb2 Qc1+
23.Qxc1 Rxc1+ 24.Kg2 Kf8 25.f4 Ke8 26.Rd2 Kd7 27.e5 Rc3 28.Kf2 f6 29.h3 fxe5
30.fxe5 Ra3 31.h4 Rc3 32.g4 Rh3 33.d6 exd6 34.Rxd6+ Ke7 35.Rc6 Rh2+ 36.Kg3 Rxa2
37.Rc7+ Ke6 38.Rxh7 Kxe5 39.Rh6 Ra3+ 40.Kg2 Kf4 41.Rxg6 Rg3+ 42.Kf2 Rxg4
43.h5 Rh4 44.h6 Kf5 45.Rg7 a5 46.h7 a4 47.Ra7 a3 48.Rxa3 Rxh7 49.Rb3 Rh6
50.Ke2 Rd6 51.Ke3 Ke5 52.Rb5+ Ke6 53.Ke4 Rc6 54.Kd4 Kd6 55.Rh5 Rc1 56.Rh6+ Kc7
57.Rh7+ Kc6 58.Rh5 b5 59.Rh8 Kb6 60.Kd3 Ka5 61.Ra8+ Kb4 62.Rb8 Ka4 63.Kd2 Rc6
64.Ra8+ Kb3 65.Rh8 b4 66.Rh3+ Kb2 67.Rh8 Rd6+ 68.Ke3 b3 69.Ra8 Kc2 70.Rc8+ Kb1
71.Ra8 b2 72.Ra7 Kc1 73.Rc7+ Kd1 74.Rb7 Rd2 75.Rb8 Kc1 76.Rh8 b1=Q 77.Rh1+ Rd1  0-1

[Event "36th Olympiad"]
[Site "Calvia ESP"]
[Date "2004.10.26"]
[Round "11"]
[White "Gulko,B"]
[Black "Khalifman,A"]
[Result "1/2-1/2"]
[WhiteElo "2600"]
[BlackElo "2669"]

1.d4 Nf6 2.c4 g6 3.Nc3 d5 4.cxd5 Nxd5 5.e4 Nxc3 6.bxc3 Bg7 7.Bc4 c5 8.Ne2 Nc6
9.Be3 O-O 10.O-O Bg4 11.f3 cxd4 12.cxd4 Na5 13.Bd3 Be6 14.d5 Bxa1 15.Qxa1 f6
16.Bh6 Re8 17.Re1 Bf7 18.Bb5 Qb6+ 19.Nd4 Rec8 20.Be3 Qd6 21.Bf2 Nc4 22.Bg3 Qb6
23.Bd7 Rd8 24.Rb1 Nb2 25.Bf2 Rxd7 26.Rxb2 Qa5 27.Rc2 Rad8  1/2-1/2

[Event "36th Olympiad"]
[Site "Calvia ESP"]
[Date "2004.10.27"]
[Round "12"]
[White "Davila,J"]
[Black "Wagener,C"]
[Result "1-0"]
[WhiteElo "2169"]
[BlackElo "2242"]

1.d4 Nf6 2.c4 g6 3.Nc3 d5 4.cxd5 Nxd5 5.e4 Nxc3 6.bxc3 Bg7 7.Bc4 O-O 8.Ne2 b6
9.O-O Bb7 10.Qc2 Nc6 11.f4 Na5 12.Bd3 Rc8 13.Be3 c5 14.dxc5 bxc5 15.Bb5 Qc7
16.Rfd1 Rfd8 17.Qa4 a6 18.Bd7 Rb8 19.Rab1 Nc6 20.Bg4 Na7 21.Rd7 Bc6 22.Rxb8 Qxb8
23.Rxd8+ Qxd8 24.Qxa6 Qc7 25.Bxc5 Nb5 26.e5 Bd7 27.Qa8+ Bf8 28.Bxe7 Qa7+
29.Qxa7 Nxa7 30.Bxd7 Bxe7 31.Kf2 Kf8 32.Ke3 Ba3 33.Kd4 Ke7 34.Ba4 h5 35.c4 h4
36.Kd5 Nc8 37.c5 Bb2 38.Bb5 Ba3 39.Nd4 Kd8 40.Nc6+ Kc7 41.Ba6 Bc1 42.Bxc8 Kxc8
43.f5  1-0

[Event "36th Olympiad"]
[Site "Calvia ESP"]
[Date "2004.10.27"]
[Round "12"]
[White "Avrukh,B"]
[Black "Harikrishna,P"]
[Result "1-0"]
[WhiteElo "2614"]
[BlackElo "2612"]

1.d4 Nf6 2.c4 g6 3.Nc3 d5 4.cxd5 Nxd5 5.e4 Nxc3 6.bxc3 Bg7 7.Nf3 c5 8.Rb1 O-O
9.Be2 b6 10.O-O Bb7 11.Qd3 Ba6 12.Qe3 Qd7 13.d5 Bxe2 14.Qxe2 Bxc3 15.Bh6 Re8
16.Rb3 Bh8 17.Ng5 e5 18.f4 f6 19.fxe5 Rxe5 20.Nf3 Re8 21.Qc4 Bg7 22.Bxg7 Qxg7
23.e5 Nd7 24.e6 b5 25.Rxb5 Nb6 26.Rxb6 axb6 27.d6 Kh8 28.Qd5 Rad8 29.d7 Re7
30.Qd6 g5 31.Rb1 Qf8 32.a4 Kg8 33.Qxb6 Rg7 34.Qc7 g4 35.Nh4 Rg5 36.Rf1 Qe7
37.Nf5 Rxf5 38.Rxf5 Kg7 39.Rf1 Kg6 40.Rd1  1-0

[Event "36th Olympiad"]
[Site "Calvia ESP"]
[Date "2004.10.28"]
[Round "13"]
[White "Van Tilbury,C"]
[Black "Bancod,R"]
[Result "0-1"]
[WhiteElo "2309"]
[BlackElo "2374"]

1.d4 Nf6 2.c4 g6 3.Nc3 d5 4.cxd5 Nxd5 5.e4 Nxc3 6.bxc3 Bg7 7.Bc4 c5 8.Ne2 cxd4
9.cxd4 Nc6 10.Be3 Qa5+ 11.Qd2 Qxd2+ 12.Kxd2 O-O 13.Rhd1 Rd8 14.Ke1 Bd7 15.Rab1 b6
16.Bb5 Nb8 17.f3 Bxb5 18.Rxb5 Rc8 19.d5 Nd7 20.Nd4 Ne5 21.Rb3 h6 22.Bf4 Rc4
23.Bxe5 Bxe5 24.Nc6 Bd6 25.g3 Bc5 26.Ke2 Rc2+ 27.Rd2 Rxd2+ 28.Kxd2 f6 29.f4 Kf7
30.e5 f5 31.Rd3 Rc8 32.Nxa7 Ra8 33.Nc6 Rxa2+ 34.Kc3 Ra3+ 35.Kc2 Rxd3 36.Kxd3 Bg1
37.Ke2 b5 38.h3 h5 39.e6+ Kf6 40.Ne5 b4 41.Kd3 Bf2 42.g4 fxg4 43.hxg4 h4
44.Ke2 b3 45.Nf3 b2 46.Nd2 Bc5 47.Kf3 g5 48.Ne4+ Kg7 49.Nd2 gxf4 50.Kxf4 Bd6+
51.Kf5 h3 52.Nb1 h2 53.Ke4 Kg6 54.Nd2  0-1

[Event "36th Olympiad"]
[Site "Calvia ESP"]
[Date "2004.10.28"]
[Round "13"]
[White "Graf,A"]
[Black "Navara,D"]
[Result "0-1"]
[WhiteElo "2646"]
[BlackElo "2620"]

1.d4 Nf6 2.c4 g6 3.Nc3 d5 4.cxd5 Nxd5 5.e4 Nxc3 6.bxc3 Bg7 7.Bc4 c5 8.Ne2 Nc6
9.Be3 O-O 10.O-O Bd7 11.Rb1 a6 12.dxc5 Qc7 13.Nd4 Na5 14.Be2 Rfd8 15.Qe1 e6
16.Kh1 Be8 17.f4 Qxc5 18.f5 exf5 19.Nxf5 Qxc3 20.Ne7+ Kf8 21.Qxc3 Bxc3 22.Nd5 Be5
23.Bb6 Nc6 24.Bxd8 Nxd8 25.Nb6 Rb8 26.Bg4 Bc6 27.Rfd1 h5 28.Bd7 Bxe4 29.Rbc1 Kg7
30.Rc5 Bf4 31.Rc8 Nc6 32.Rxb8 Bxb8 33.Re1 f5 34.Bc8 Ne5 35.Nd7 Nd3 36.Rxe4 fxe4
37.Kg1 Bxh2+ 38.Kf1 Nc1 39.Bxb7 a5 40.a4 e3 41.Ba6 Kf7 42.Nc5 Kf6 43.Ne4+ Ke5
44.Nc3 Kd4 45.Ne2+ Nxe2 46.Kxe2 Bf4 47.Bb5 g5 48.Be8 h4 49.Bd7 Bd6 50.Bc6 Bc5
51.Bb7 Ke5 52.Kf3 g4+ 53.Ke2 Kf4 54.Bc6 Kg3 55.Kf1 Kh2 56.Bd5 h3 57.gxh3 gxh3
58.Bf3 Bd4 59.Bc6 e2+ 60.Kxe2 Kg1 61.Kd3 Bc5 62.Kc4 Bb4  0-1

[Event "36th Olympiad"]
[Site "Calvia ESP"]
[Date "2004.10.29"]
[Round "14"]
[White "Mascaro March,P"]
[Black "Bakalarz,M"]
[Result "0-1"]
[WhiteElo "2323"]
[BlackElo "2389"]

1.d4 Nf6 2.c4 g6 3.Nc3 d5 4.cxd5 Nxd5 5.e4 Nxc3 6.bxc3 Bg7 7.Be3 c5 8.Qd2 Qa5
9.Rc1 cxd4 10.cxd4 Qxd2+ 11.Kxd2 O-O 12.Nf3 Nc6 13.d5 Rd8 14.Ke1 Nb4 15.a3 Na2
16.Rc7 Nc3 17.Bd3 f5 18.exf5 Nxd5 19.Bc4 gxf5 20.Rxe7 Kf8 21.Rxg7 Kxg7 22.Bd4+ Nf6
23.Kd2 b5 24.Bxb5 Bb7 25.Ke3 f4+ 26.Kxf4 Bxf3 27.Bxf6+ Kxf6 28.Kxf3 Rd5 29.a4 a6
30.Bc6 Rf5+ 31.Ke3 Rb8 32.Rd1 Rb3+ 33.Kd4 Rxf2 34.Kc4 Rbb2 35.Rd6+ Ke5 36.Rd5+ Ke6
37.Bd7+ Ke7 38.Bf5 Rf4+ 39.Kc5 Rxa4 40.Rd7+ Ke8 41.Bh3 Rb5+ 42.Kc6 Rc4+  0-1

[Event "8th OIBM"]
[Site "Bad Wiessee GER"]
[Date "2004.11.03"]
[Round "5"]
[White "Khenkin,I"]
[Black "Kurnosov,I"]
[Result "1/2-1/2"]
[WhiteElo "2587"]
[BlackElo "2533"]

1.d4 Nf6 2.c4 g6 3.Nc3 d5 4.cxd5 Nxd5 5.e4 Nxc3 6.bxc3 Bg7 7.Nf3 c5 8.Be3 O-O
9.Rc1 Qa5 10.Qd2 cxd4 11.cxd4 Qxd2+ 12.Nxd2 f5 13.f3 fxe4 14.fxe4 Nc6 15.Nb3 Bd7
16.Nc5 Bc8 17.Nb3 Bd7 18.Nc5 Bc8 19.Bc4+ Kh8 20.e5 Rd8 21.Ne4 Na5 22.Be2 Be6
23.Ng5 Bd5 24.O-O Bh6 25.Nf7+ Bxf7 26.Bxh6 Bd5 27.Bg4 Nc6 28.e6 Nxd4 29.Rf7 Nxe6
30.Re1 Ng5 31.Bg7+ Kg8 32.Rfxe7 Nf7 33.Bf6 Bxa2 34.Rxb7 Re8 35.Rxe8+ Rxe8
36.Rxa7 Bc4 37.h4 h5 38.Bd7 Rb8 39.Rc7 Bd5 40.Rc5 Bb3 41.Kh2 Nh6 42.Kg3 Rf8
43.Rc6 Nf5+ 44.Bxf5 gxf5 45.Rd6 Kf7 46.Be5 Rg8+ 47.Kf3 Rg6  1/2-1/2

[Event "8th OIBM"]
[Site "Bad Wiessee GER"]
[Date "2004.11.03"]
[Round "5"]
[White "Bunzmann,D"]
[Black "Kraemer,S"]
[Result "1-0"]
[WhiteElo "2544"]
[BlackElo "2240"]

1.d4 Nf6 2.c4 g6 3.Nc3 d5 4.cxd5 Nxd5 5.e4 Nxc3 6.bxc3 Bg7 7.Nf3 c5 8.Rb1 O-O
9.Be2 b6 10.Be3 Bb7 11.Bd3 cxd4 12.cxd4 Nc6 13.d5 Ne5 14.Nxe5 Bxe5 15.O-O f5
16.f4 fxe4 17.Bxe4 Bg7 18.Qd3 Qd7 19.Rbd1 Qa4 20.Qb1 Rac8 21.Rf2 e6 22.Bc2 Qa3
23.Bc1 Qc5 24.dxe6 Bd4 25.Rxd4 Qxd4 26.Bb2 Qc5 27.Bxg6 Rxf4 28.Bxh7+ Kf8
29.Ba3 Qxa3 30.Rxf4+ Ke7 31.Rf7+ Ke8 32.Qg6 Qe3+ 33.Rf2+ Ke7 34.Qf6+ Kd6
35.e7+ Kc5 36.Bg6 Bc6 37.h4 Rg8 38.h5 Be8 39.Qf4 Qe1+ 40.Rf1 Qxe7 41.Qf5+ Kc6
42.Rc1+ Kd6 43.Qd3+  1-0

[Event "8th OIBM"]
[Site "Bad Wiessee GER"]
[Date "2004.11.05"]
[Round "7"]
[White "Khenkin,I"]
[Black "Bobras,P"]
[Result "1/2-1/2"]
[WhiteElo "2587"]
[BlackElo "2453"]

1.d4 Nf6 2.c4 g6 3.Nc3 d5 4.cxd5 Nxd5 5.e4 Nxc3 6.bxc3 Bg7 7.Nf3 c5 8.Be3 Qa5
9.Qd2 Nc6 10.Rb1 O-O 11.Rb5 cxd4 12.Rxa5 dxe3 13.Qxe3 Nxa5 14.h4 Be6 15.Ng5 Bxa2
16.h5 h6 17.Nf3 g5 18.Nxg5 Nc4 19.Bxc4 Bxc4 20.e5 a5 21.Nf3 a4 22.Nd2 Be6
23.O-O a3 24.f4  1/2-1/2

[Event "WYb18"]
[Site "Heraklio GRE"]
[Date "2004.11.05"]
[Round "2"]
[White "Gordon,S"]
[Black "Pashikian,A"]
[Result "0-1"]
[WhiteElo "2340"]
[BlackElo "2473"]

1.d4 Nf6 2.c4 g6 3.Nc3 d5 4.cxd5 Nxd5 5.e4 Nxc3 6.bxc3 Bg7 7.Bc4 O-O 8.Ne2 Nc6
9.O-O b6 10.Be3 Bb7 11.Qd2 Qd7 12.Rab1 Rfd8 13.Rfd1 Na5 14.Bd3 Rac8 15.f3 c5
16.d5 e6 17.c4 exd5 18.exd5 Ba6 19.Qc2 Nb7 20.a4 Nd6 21.Ng3 Re8 22.Bf4 Be5
23.Bxe5 Rxe5 24.f4 Re3 25.f5 Qe7 26.a5 bxa5 27.fxg6 hxg6 28.Bxg6 Rxg3 29.Bh7+ Kg7
30.Re1 Re3 31.Qf2 Re8  0-1